000 00861nam a2200229 a 4500
999 _c12163
_d12163
001 12163
003 BD-JhCC
005 20210322115608.0
008 210322s2011 bg a|||| |||| 00| 0 ban d
020 _a9789848933756
035 _a(BD-JhCC)12163
040 _aBD-JhCC
_dBD-JhCC
041 _aban
082 _a005.432
100 _aরহমান, মোহাম্মদ মিজানুর
245 _aব্যাশ শেল এবং স্ক্রীপ্টিং /
_cমোহাম্মদ মিজানুর রহমান,
260 _aঢাকা :
_bজ্ঞানকোষ প্রকাশনী,
_c২০১১.
300 _a১৯৬ পৃ. :
_b চিত্রাবলী,
_c২৩ সেমি.
650 _aOperating systems (Computers)
650 _aLinux device drivers (Computer programs)
942 _2ddc
_cBK